Govt. of
Madhya Pradesh

Normal view MARC view

Entry Personal Name

Number of records used in: 1

001 - CONTROL NUMBER

  • control field: 83544

003 - CONTROL NUMBER IDENTIFIER

  • control field: OSt

005 - DATE AND TIME OF LATEST TRANSACTION

  • control field: 20251221122753.0

008 - FIXED-LENGTH DATA ELEMENTS

  • fixed length control field: 251221|| aca||aabn | a|a d

040 ## - CATALOGING SOURCE

  • Original cataloging agency: OSt
  • Transcribing agency: OSt

100 ## - HEADING--PERSONAL NAME

  • Personal name: Yadav,Dr.R.L

670 ## - SOURCE DATA FOUND

  • Source citation: Work cat.: (OSt)68489: Yadav,Dr.R.L. , Ligam from Kasmir to Kanyakumari a Ominipresent Energy , 2022